Török közigazgatás és jogszolgáltatás magyar városi autonómia /

Elmentve itt :
Bibliográfiai részletek
Szerző: Hegyi Klára
Dokumentumtípus: Cikk
Megjelent: 1985
Sorozat:Történelmi Szemle
Kulcsszavak:Magyarország története - 16-17. sz.
Tárgyszavak:
Online Access:http://misc.bibl.u-szeged.hu/68171
LEADER 00808nab a2200241 i 4500
001 misc68171
005 20230215124528.0
008 220413s1985 hu o 0|| hun d
040 |a SZTE Miscellanea Repozitórium  |b hun 
041 |a hun 
041 |a eng 
041 |a rus 
100 1 |a Hegyi Klára 
245 1 0 |a Török közigazgatás és jogszolgáltatás   |h [elektronikus dokumentum] :  |b magyar városi autonómia /  |c  Hegyi Klára 
260 |c 1985 
300 |a 227-257  |c 24 cm 
490 0 |a Történelmi Szemle 
561 |a Németh Gyula hagyaték 
591 |a OA 2282 
650 4 |a Bölcsészettudományok 
650 4 |a Történettudomány és régészet 
695 |a Magyarország története - 16-17. sz. 
856 4 0 |u http://misc.bibl.u-szeged.hu/68171/1/2282_oa_h53.pdf  |z Dokumentum-elérés